000 01705cam a2200433 i 4500
001 19586195
003 OSt
005 20231208160855.0
008 170406s2016 ii b 001 0 malo
010 _a 2017323014
020 _a9788126474110
025 _aI-Mal-2017323014; 22-92; 27
037 _bLibrary of Congress -- New Delhi Overseas Office
040 _aDLC
_beng
_erda
_cDLC
_dDLC
042 _alcode
_apcc
043 _aa-ii---
050 0 0 _aHQ1744.K47
_bC36 2016
082 _a954.83
_bCHA/K
100 1 _aCandrika, Si. Es.,
_d1967-
_eauthor.
_99787
245 1 0 _aKēraḷattint̲e str̲īcaritr̲aṅṅaḷ, str̲īmunnēt̲t̲aṅṅaḷ /
_cSi. Es. Candrika = Keralathinte sthreecharithrangal, sthree munnettangal / by C.S. Chandrika.
246 3 1 _aKeralathinte sthreecharithrangal, sthree munnettangal
264 1 _aKottayam, Kerala State, India :
_bḌi. Si. Buks,
_cOctober 2016.
300 _a359 pages ;
_c21 cm.
336 _atext
_btxt
_2rdacontent
337 _aunmediated
_bn
_2rdamedia
338 _avolume
_bnc
_2rdacarrier
490 0 _aKeralam 60
504 _aIncludes bibliographical references (pages 343-351) and index.
520 _aOn social conditions of women in Kerala State, India.
546 _aIn Malayalam.
650 0 _aWomen
_zIndia
_zKerala
_xSocial conditions.
650 0 _aSocial change
_zIndia
_zKerala
_xHistory.
650 0 _aFeminism
_zIndia
_zKerala.
650 0 _aWomen's rights
_zIndia
_zKerala.
650 0 _aSex role
_zIndia
_zKerala.
906 _a7
_bcbc
_corigode
_d3
_encip
_f20
_gy-gencatlg
942 _2ddc
_cBK
_h954.83
_iCHA/K
_k954.83
_mCHA/K
999 _c42916
_d42916